| 000 | 00771cam a2200253Ia 4500 | ||
|---|---|---|---|
| 999 |
_c5597 _d5597 |
||
| 001 | 6548 | ||
| 003 | GBCCL | ||
| 005 | 20241126110545.0 | ||
| 008 | 810223r19801979cau 00010 eng d | ||
| 010 | _a 80053945 | ||
| 020 | _a0878087427 | ||
| 035 | _aOCM07146647 | ||
| 040 |
_aIGR _cIGR _dLBB |
||
| 049 | _aLBBK | ||
| 082 |
_a254.3 _bKRA |
||
| 092 |
_a230.044 _bK91 |
||
| 100 | 1 | 0 |
_aKraft, Charles H. _92223 |
| 245 | 1 | 0 |
_aCommunicating the Gospel God's way / _cCharles H. Kraft. |
| 260 | 0 |
_aPasadena, Calif. : _bWilliam Carey Library, _c[1980?] |
|
| 300 |
_a60 p. ; _c22 cm. |
||
| 500 | _aOriginally published as v. 12 no. 1 of the Ashland Theological Bulletin, Spring 1979. | ||
| 650 | 0 |
_aCommunication _xReligious aspects _xChristianity. _91427 |
|
| 942 |
_2ddc _cBK _02 |
||